Il Gatto e la Volpe, Edoardo Bennato - Testo Completo - Statistics

Statistiche generali
  • Questo quiz è stato fatto 67 volte
  • Il punteggio medio è 178 su 223
Statistiche sulle risposte
Testo % Corretto
Di
100%
di
100%
è
100%
È
100%
e
100%
fidar
100%
gatto
100%
I
100%
i
100%
il
100%
l'
100%
la
100%
no
100%
noi
100%
Noi
100%
puoi
100%
Puoi
100%
società
100%
ti
100%
volpe,
100%
in
98%
si
98%
siamo
98%
ed
96%
io
96%
qua
93%
Lui
91%
per
89%
Per
89%
Tu
89%
un
89%
Un
89%
ma
87%
quattro
85%
Se
85%
Che
83%
che
83%
corri?
83%
corri,
83%
dove
83%
Dove
83%
vai?
83%
vai
83%
fretta,
80%
momento,
80%
non
80%
Non
80%
Quanta
80%
questo
80%
te
80%
capirai
78%
migliori
78%
campo
76%
ci
76%
pentirai
76%
ascolti
74%
da
74%
due
74%
Due
74%
fanno
74%
una
74%
vedrai
74%
ditta
72%
ne
72%
divo
70%
fai
70%
guai
70%
hit
70%
parade
70%
problemi,
70%
specializzata,
70%
consulenti
67%
contratto
67%
contratto,
67%
dei
67%
tuoi
67%
tutti
67%
celebrità
65%
impresari
65%
parlarci
65%
stiamo
65%
affare?
63%
al
63%
avere
63%
capita
63%
faremo
63%
giorni
63%
monete
63%
occasione
63%
vedi
63%
concorso
61%
Dacci
61%
firma
61%
perder
61%
perdere
61%
iscriviamo
59%
solo
59%
VERO
59%
poi
57%
mai
54%
tempo,
54%
diritti
52%
sbagliamo
52%
formalità
50%
le
46%
scopriamo
46%
talenti
46%
cedi
43%
normale
41%
tue
41%
ad
39%
qualità
39%
hai
37%
Avanti,
35%
sapremo
35%
sfruttare
35%
fortuna
33%
avuto
30%
incontrare
30%
Nessun quiz corrispondente trovato
Distribuzione punteggi
Percentuale di utenti per punteggio
Percentile per numero di risposta
I tuoi punteggi nel tempo
Non hai fatto questo quiz